00353 a2200121 4500020002600000035001300026037004500039082000600084100002200090245005200112260004400164300002300208 a9780007120697c575.60 aB-211585 bRP-ZLS-2783 / UBH-07-08:6 / RP-07-08:ENG14aN1 aChristies, Agatha1 aHercule poirot's christmascby Agatha Christies aLondonbHarper Collins Publishersc2001 a335 pc18 cm (pbk)